000
00274nam a22001217a 4500
008
171002b xxu||||| |||| 00| 0 eng d
041
_a
eng
080
_a
37
100
_a
47
101
_a
EDU
245
_a
FROM MASTER STUDENT TO MASTER EMPLOYEE
_c
TOFT, D
942
_2
udc
_c
BK
999
_c
31171
_d
31171